[Event "Hannover Bezirks op"]
[Site "Hannover"]
[Date "2020.02.29"]
[Round "3.3"]
[White "Zweigait, Bjoern"]
[Black "Wittur, Helge"]
[Result "1/2-1/2"]
[WhiteElo "1809"]
[BlackElo "1851"]
[PlyCount "51"]
[EventDate "2020.01.25"]
[EventType "swiss"]
[EventRounds "7"]
[EventCountry "GER"]
[SourceTitle "EXT 2023"]
[Source "ChessBase"]
[SourceDate "2022.10.05"]
[SourceVersion "1"]
[SourceVersionDate "2022.10.05"]
[SourceQuality "1"]

1. c4 Nf6 2. Nc3 g6 3. g3 c6 4. Bg2 Bg7 5. Nf3 d6 6. d4 Qc7 7. 0-0 e5 8. d5 0-0 9. Bg5 Nbd7 10. Nd2 h6 11. Bxf6 Nxf6 12. Nde4 Nxe4 13. Nxe4 f5 14. Nd2 e4 15. Rb1 c5 16. e3 Bd7 17. Qe2 a6 18. b3 Qa5 19. f3 Qxa2 20. fxe4 fxe4 21. Bxe4 Bc3 22. Rbd1 Rxf1+ 23. Kxf1 Bh3+ 24. Bg2 Rf8+ 25. Kg1 Bxg2 26. Qd3 1/2-1/2

[Event "Hannover Bezirks-ch A"]
[Site "Lehrte"]
[Date "2019.10.04"]
[Round "4.10"]
[White "Wittur, Helge"]
[Black "Seidenstuecker, Hans Lennart"]
[Result "1-0"]
[WhiteElo "1833"]
[BlackElo "1843"]
[PlyCount "53"]
[EventDate "2019.10.03"]
[EventType "swiss"]
[EventRounds "7"]
[EventCountry "GER"]
[SourceTitle "EXT 2023"]
[Source "ChessBase"]
[SourceDate "2022.10.05"]
[SourceVersion "1"]
[SourceVersionDate "2022.10.05"]
[SourceQuality "1"]

1. e4 c5 2. c3 Nf6 3. e5 Nd5 4. Bc4 Nb6 5. Bb3 g6 6. Nf3 Bg7 7. d4 cxd4 8. cxd4 Nc6 9. Nc3 0-0 10. 0-0 d6 11. exd6 Qxd6 12. Ne4 Qd8 13. d5 Ne5 14. Nxe5 Bxe5 15. d6 exd6 16. Bg5 Qc7 17. Rc1 Qb8 18. f4 Bxb2 19. Be7 Bxc1 20. Qxc1 Bf5 21. Nf6+ Kg7 22. Qb2 Kh6 23. g4 Bxg4 24. Nxg4+ Kh5 25. Qf6 Kxg4 26. Bd1+ Kh3 27. Qh4# 1-0

[Event "Hannover Bezirks-ch A"]
[Site "Lehrte"]
[Date "2019.10.03"]
[Round "1.3"]
[White "Schulze, Torben"]
[Black "Wittur, Helge"]
[Result "1-0"]
[WhiteElo "2285"]
[BlackElo "1833"]
[PlyCount "143"]
[EventDate "2019.10.03"]
[EventType "swiss"]
[EventRounds "7"]
[EventCountry "GER"]
[SourceTitle "EXT 2023"]
[Source "ChessBase"]
[SourceDate "2022.10.05"]
[SourceVersion "1"]
[SourceVersionDate "2022.10.05"]
[SourceQuality "1"]

1. e4 c5 2. Nc3 Nc6 3. Nge2 d6 4. d4 cxd4 5. Nxd4 e6 6. Be3 Qc7 7. Qd2 a6 8. 0-0-0 Nf6 9. f3 Be7 10. Kb1 0-0 11. g4 Nd7 12. g5 Nxd4 13. Bxd4 b5 14. h4 Bb7 15. a3 Ne5 16. Qf2 Nc4 17. Bxc4 Qxc4 18. Rhg1 Rfc8 19. h5 e5 20. Be3 b4 21. axb4 Qxb4 22. Nd5 Bxd5 23. Rxd5 Rab8 24. Bc1 Rb7 25. Rg2 Rcb8 26. Qd2 Qa4 27. Ra5 Qc6 28. Qd5 Qxd5 29. Rxd5 Rb5 30. Rd3 Kf8 31. c4 Rb3 32. Re3 R8b4 33. Rxb3 Rxb3 34. Rf2 a5 35. Bd2 a4 36. Kc2 Bd8 37. Rf1 Bb6 38. Bc3 Be3 39. g6 hxg6 40. hxg6 Rb7 41. Ra1 Ra7 42. Rd1 Bc5 43. Rd5 f6 44. Rd1 Ra6 45. Rh1 Kg8 46. Kd3 Ra7 47. Ra1 Kf8 48. Rh1 Kg8 49. Rf1 Ra6 50. f4 exf4 51. Rxf4 a3 52. b3 a2 53. Rf1 Ra8 54. Ra1 Kf8 55. b4 Bf2 56. Kc2 Re8 57. Kd3 Ra8 58. Rh1 Kg8 59. Ra1 Bg3 60. Kc2 Ra3 61. Bb2 Ra4 62. Kb3 Ra8 63. Rxa2 Re8 64. Kc2 Kf8 65. Kd3 Bf4 66. Bd4 Ke7 67. Ra7+ Kf8 68. Rf7+ Kg8 69. b5 Rc8 70. Ra7 Rb8 71. b6 Bg3 72. b7 1-0

[Event "Langenhagen-ch op"]
[Site "Langenhagen"]
[Date "2019.08.17"]
[Round "4"]
[White "Wittur, Helge"]
[Black "Kiesel, Harald"]
[Result "0-1"]
[WhiteElo "1840"]
[BlackElo "2010"]
[PlyCount "132"]
[EventDate "2019.05.25"]
[EventType "swiss"]
[EventRounds "7"]
[EventCountry "GER"]
[SourceTitle "EXT 2023"]
[Source "ChessBase"]
[SourceDate "2022.10.05"]
[SourceVersion "1"]
[SourceVersionDate "2022.10.05"]
[SourceQuality "1"]

1. e4 e5 2. Nf3 Nc6 3. Bb5 a6 4. Ba4 Nf6 5. 0-0 Be7 6. Re1 b5 7. Bb3 0-0 8. c3 d6 9. h3 Nb8 10. d4 Nbd7 11. Nbd2 Bb7 12. Bc2 Re8 13. Nf1 Bf8 14. Ng3 g6 15. Bg5 h6 16. Bd2 Kh7 17. Nh2 d5 18. dxe5 Nxe4 19. Nxe4 dxe4 20. Bxe4 Bxe4 21. Rxe4 Nxe5 22. Rd4 Qf6 23. Ng4 Nxg4 24. Qxg4 Bd6 25. Bf4 Rad8 26. Bxd6 Rxd6 27. Rxd6 Qxd6 28. Rd1 Qe5 29. Qf3 Kg7 30. Kf1 Re6 31. g3 Rf6 32. Qd3 Qe6 33. Kg2 Qxa2 34. Qc2 Qe6 35. Rd4 c5 36. Rd8 Qc6+ 37. Kg1 Qf3 38. Rd3 Qf5 39. g4 Qe4 40. Qd2 c4 41. Re3 Qf4 42. Qe2 Qd6 43. Kg2 Qd5+ 44. Kh2 Re6 45. Rxe6 Qxe6 46. Qd2 Qe5+ 47. Kg2 a5 48. h4 g5 49. Qd8 b4 50. hxg5 hxg5 51. cxb4 axb4 52. Qd2 c3 53. bxc3 bxc3 54. Qc2 Qd5+ 55. Kf1 Qc4+ 56. Qe2 Qxe2+ 57. Kxe2 Kf6 58. Kd3 Ke5 59. Kxc3 Kf4 60. Kd3 Kxg4 61. Ke3 f5 62. Ke2 f4 63. Kf1 Kf3 64. Kg1 Ke2 65. Kg2 g4 66. Kg1 f3 0-1

[Event "Langenhagen-ch op"]
[Site "Langenhagen"]
[Date "2019.06.22"]
[Round "3"]
[White "Rannefeld, Olaf"]
[Black "Wittur, Helge"]
[Result "1/2-1/2"]
[WhiteElo "1826"]
[BlackElo "1840"]
[PlyCount "83"]
[EventDate "2019.05.25"]
[EventType "swiss"]
[EventRounds "7"]
[EventCountry "GER"]
[SourceTitle "EXT 2023"]
[Source "ChessBase"]
[SourceDate "2022.10.05"]
[SourceVersion "1"]
[SourceVersionDate "2022.10.05"]
[SourceQuality "1"]

1. d4 f5 2. e4 fxe4 3. Nc3 Nf6 4. Bg5 e6 5. Nxe4 Be7 6. Bd3 Nxe4 7. Bxe7 Qxe7 8. Bxe4 Nc6 9. Qh5+ Qf7 10. Qxf7+ Kxf7 11. Nf3 Kf6 12. h4 d5 13. Bd3 e5 14. Nxe5 Nxd4 15. f4 Nc6 16. Nxc6 bxc6 17. Kf2 Rb8 18. b3 Bf5 19. Kf3 h5 20. Rae1 Rhe8 21. Bxf5 Kxf5 22. c3 Re4 23. g3 Rbe8 24. Kf2 c5 25. Rxe4 Rxe4 26. Rc1 Kg4 27. Rc2 a5 28. a4 c6 29. Rc1 Re7 30. b4 Rb7 31. Rb1 d4 32. b5 cxb5 33. cxd4 b4 34. dxc5 Rc7 35. Rc1 b3 36. c6 b2 37. Rb1 Rxc6 38. Rxb2 Rc3 39. Rb5 Rf3+ 40. Ke2 Rxg3 41. Rxa5 Ra3 42. Rg5+ 1/2-1/2

[Event "Langenhagen-ch op"]
[Site "Langenhagen"]
[Date "2019.05.25"]
[Round "1"]
[White "Kiesel, Lara"]
[Black "Wittur, Helge"]
[Result "1/2-1/2"]
[WhiteElo "1608"]
[BlackElo "1840"]
[PlyCount "78"]
[EventDate "2019.05.25"]
[EventType "swiss"]
[EventRounds "7"]
[EventCountry "GER"]
[SourceTitle "EXT 2023"]
[Source "ChessBase"]
[SourceDate "2022.10.05"]
[SourceVersion "1"]
[SourceVersionDate "2022.10.05"]
[SourceQuality "1"]

1. e4 e5 2. Nf3 Nc6 3. Bb5 a6 4. Ba4 Nf6 5. 0-0 Nxe4 6. Re1 Nc5 7. Bxc6 dxc6 8. Nxe5 Be7 9. d4 Ne6 10. c3 0-0 11. Nd2 c5 12. dxc5 Bxc5 13. Nb3 Qxd1 14. Rxd1 Ba7 15. Re1 Nc5 16. Be3 Nxb3 17. axb3 Bxe3 18. Rxe3 Be6 19. b4 Rad8 20. Nf3 Rfe8 21. Rae1 Bd7 22. Rxe8+ Rxe8 23. Rxe8+ Bxe8 24. Nd4 Kf8 25. Kf1 Ke7 26. Ke2 Kf6 27. Ke3 Ke5 28. g3 g5 29. c4 b6 30. Ne2 f6 31. Nc3 Bc6 32. Ne2 Bd7 33. Nd4 Kd6 34. Kd3 c5 35. bxc5+ Kxc5 36. Kc3 Kd6 37. Kd3 Bh3 38. f4 Bf1+ 39. Kc3 gxf4 1/2-1/2

[Event "Hannover Bezirk-ch A"]
[Site "Hannover"]
[Date "2018.10.07"]
[Round "7.7"]
[White "Serreck, Uwe"]
[Black "Wittur, Helge"]
[Result "1-0"]
[WhiteElo "1936"]
[BlackElo "1961"]
[PlyCount "59"]
[EventDate "2018.10.04"]
[EventType "swiss"]
[EventRounds "7"]
[EventCountry "GER"]
[SourceTitle "EXT 2022"]
[Source "ChessBase"]
[SourceDate "2021.10.06"]
[SourceVersion "1"]
[SourceVersionDate "2021.10.06"]
[SourceQuality "1"]

1. e4 Nf6 2. Nc3 d5 3. e5 d4 4. exf6 dxc3 5. fxg7 cxd2+ 6. Bxd2 Bxg7 7. Qf3 Qd6 8. 0-0-0 Nc6 9. Bc3 Qh6+ 10. Kb1 Bd7 11. Bc4 0-0-0 12. Ne2 Ne5 13. Qg3 f6 14. Bb3 Qg6 15. Qe3 Kb8 16. Nf4 Qh6 17. Rhe1 Bf5 18. Be6 Rxd1+ 19. Rxd1 Bxe6 20. Nxe6 Qxe3 21. fxe3 Bh6 22. Bxe5 fxe5 23. e4 Kc8 24. g4 Rg8 25. g5 Bxg5 26. Rg1 h6 27. h4 Rg6 28. Nc5 Rc6 29. hxg5 Rxc5 30. g6 1-0

[Event "Hannover Bezirk-ch A"]
[Site "Hannover"]
[Date "2018.10.06"]
[Round "6.6"]
[White "Wittur, Helge"]
[Black "Meiwes, Thore"]
[Result "1/2-1/2"]
[WhiteElo "1964"]
[BlackElo "1991"]
[PlyCount "80"]
[EventDate "2018.10.04"]
[EventType "swiss"]
[EventRounds "7"]
[EventCountry "GER"]
[SourceTitle "EXT 2022"]
[Source "ChessBase"]
[SourceDate "2021.10.06"]
[SourceVersion "1"]
[SourceVersionDate "2021.10.06"]
[SourceQuality "1"]

1. d4 Nf6 2. c4 e6 3. Nf3 d5 4. g3 Be7 5. Bg2 0-0 6. b3 b6 7. 0-0 Bb7 8. Nc3 c5 9. Ne5 Nc6 10. Nxc6 Bxc6 11. Bg5 h6 12. cxd5 exd5 13. Bf4 Rc8 14. Qd3 Qd7 15. dxc5 bxc5 16. Rac1 Rfd8 17. Rfd1 d4 18. Bxc6 Qxc6 19. Na4 Nd5 20. Qf3 Nxf4 21. gxf4 Qxf3 22. exf3 f5 23. Nb2 Bd6 24. Nd3 Kf7 25. h4 Re8 26. Kf1 Ke6 27. Rc4 Kd5 28. Rdc1 a5 29. b4 axb4 30. Nxb4+ Ke6 31. Nd3 Kf6 32. Nxc5 Bxc5 33. Rxc5 Rxc5 34. Rxc5 Ra8 35. Rd5 d3 36. Rd6+ Kf7 37. Rxd3 Ra4 38. Kg2 Rxf4 39. Kg3 Ra4 40. a3 Kg6 1/2-1/2

[Event "Langenhagen-ch op"]
[Site "Langenhagen"]
[Date "2018.09.29"]
[Round "6"]
[White "Wittur, Helge"]
[Black "Zweigait, Bjoern"]
[Result "1/2-1/2"]
[WhiteElo "1851"]
[BlackElo "1713"]
[PlyCount "94"]
[EventDate "2018.06.09"]
[EventType "swiss"]
[EventRounds "7"]
[EventCountry "GER"]
[SourceTitle "EXT 2023"]
[Source "ChessBase"]
[SourceDate "2022.10.05"]
[SourceVersion "1"]
[SourceVersionDate "2022.10.05"]
[SourceQuality "1"]

1. Nf3 d5 2. c4 c6 3. cxd5 cxd5 4. g3 Nf6 5. Bg2 Bf5 6. d3 e6 7. 0-0 h6 8. Nc3 Be7 9. Nd4 Bg6 10. Bf4 0-0 11. Rc1 Nbd7 12. Nf3 Rc8 13. a3 a6 14. Qb3 Qb6 15. Qxb6 Nxb6 16. Ne5 Bh5 17. f3 Nbd7 18. g4 Nxe5 19. Bxe5 Bg6 20. Bg3 Rc6 21. h4 Bc5+ 22. Bf2 Rfc8 23. Bxc5 Rxc5 24. Kf2 d4 25. Na2 Rc2 26. Rxc2 Rxc2 27. Nb4 Rxb2 28. h5 Bh7 29. Rc1 g5 30. Rc7 a5 31. Nc2 e5 32. Ne1 b6 33. Re7 Rb5 34. a4 Rc5 35. Rb7 Nd5 36. f4 Nxf4 37. Rxb6 Nxg2 38. Kxg2 Rc1 39. Kf2 e4 40. dxe4 Bxe4 41. Rxh6 Rc4 42. Rd6 Rxa4 43. Rd8+ Kg7 44. Re8 Bd5 45. Re5 Be6 46. Rxg5+ Kh6 47. Rg8 Kh7 1/2-1/2

[Event "Hannover Bezirks op"]
[Site "Hannover"]
[Date "2018.04.07"]
[Round "5.4"]
[White "Wittur, Helge"]
[Black "Schoenfeld, Dietmar"]
[Result "1/2-1/2"]
[WhiteElo "1964"]
[BlackElo "1888"]
[PlyCount "69"]
[EventDate "2018.01.27"]
[EventType "swiss"]
[EventRounds "7"]
[EventCountry "GER"]
[SourceTitle "EXT 2022"]
[Source "ChessBase"]
[SourceDate "2021.10.06"]
[SourceVersion "1"]
[SourceVersionDate "2021.10.06"]
[SourceQuality "1"]

1. d4 Nf6 2. c4 g6 3. Nc3 Bg7 4. e4 d6 5. Be2 0-0 6. h4 e5 7. dxe5 dxe5 8. Qxd8 Rxd8 9. Bg5 c6 10. f3 Nbd7 11. g4 Nc5 12. Nh3 Ne6 13. Kf2 Nxg5 14. Nxg5 h6 15. Nh3 Be6 16. Rad1 Bf8 17. Rxd8 Rxd8 18. Rd1 Rxd1 19. Nxd1 Bc5+ 20. Ke1 h5 21. Nhf2 hxg4 22. fxg4 Bd4 23. a4 a5 24. Kd2 Kf8 25. b3 Nd7 26. Nd3 Nc5 27. Nxc5 Bxc5 28. Ne3 Bb4+ 29. Kd3 Be1 30. h5 Kg7 31. Bd1 Bh4 32. c5 Be7 33. Nc4 Bxc4+ 34. Kxc4 gxh5 35. gxh5 1/2-1/2

[Event "Hannover Bezirk-ch C"]
[Site "Lehrte"]
[Date "2017.10.31"]
[Round "7.8"]
[White "Nuelle, Christoph"]
[Black "Wittur, Helge"]
[Result "1/2-1/2"]
[WhiteElo "1848"]
[BlackElo "1967"]
[PlyCount "50"]
[EventDate "2017.10.28"]
[EventType "swiss"]
[EventRounds "7"]
[EventCountry "GER"]
[SourceTitle "EXT 2022"]
[Source "ChessBase"]
[SourceDate "2021.10.06"]
[SourceVersion "1"]
[SourceVersionDate "2021.10.06"]
[SourceQuality "1"]

1. c4 Nf6 2. g3 g6 3. Bg2 Bg7 4. Nf3 0-0 5. 0-0 d6 6. d4 Nbd7 7. Nc3 c5 8. b3 cxd4 9. Nxd4 Nc5 10. Bb2 Rb8 11. Qc2 Ne6 12. Rad1 Nxd4 13. Rxd4 b6 14. Rdd1 Bb7 15. Nd5 Nxd5 16. Bxd5 Qd7 17. Bxg7 Kxg7 18. Qe4 Bxd5 19. Rxd5 Qe6 20. Qd3 Rfc8 21. e4 Rc5 22. f4 f6 23. Rxc5 bxc5 24. Qd5 Qxd5 25. exd5 a5 1/2-1/2

[Event "Hannover Bezirks op"]
[Site "Hannover"]
[Date "2017.04.01"]
[Round "5.6"]
[White "Wittur, Helge"]
[Black "Zucker, Stefan"]
[Result "0-1"]
[WhiteElo "1967"]
[BlackElo "1905"]
[PlyCount "76"]
[EventDate "2017.01.21"]
[EventType "swiss"]
[EventRounds "7"]
[EventCountry "GER"]
[SourceTitle "EXT 2022"]
[Source "ChessBase"]
[SourceDate "2021.10.06"]
[SourceVersion "1"]
[SourceVersionDate "2021.10.06"]
[SourceQuality "1"]

1. e4 e5 2. Nf3 Nc6 3. d4 exd4 4. Nxd4 Nf6 5. Nxc6 bxc6 6. Bd3 d5 7. exd5 cxd5 8. 0-0 Be7 9. Re1 0-0 10. Bg5 Rb8 11. Qe2 Be6 12. c3 Qd6 13. g3 h6 14. Bf4 Qb6 15. b4 Rfe8 16. a4 a5 17. Be3 Qb7 18. bxa5 Bg4 19. Qf1 Qb2 20. Nd2 Qxc3 21. Rec1 Qxa5 22. Bb5 Bd7 23. Nb3 Qb4 24. Bxd7 Nxd7 25. Nd4 Ne5 26. Rxc7 Bf6 27. Ra2 Nc4 28. Nf5 Ne5 29. Nd4 Bd8 30. Nc6 Nf3+ 31. Kh1 Qe4 32. Nxb8 Bxc7 33. Na6 Bd6 34. Ra1 Re5 35. Nc5 Bxc5 36. Bxc5 Nxh2+ 37. Qg2 Nf3 38. Qh3 Ne1+ 0-1

[Event "Langenhagen-ch op"]
[Site "Langenhagen"]
[Date "2016.06.18"]
[Round "2"]
[White "Sideris, Apostolos"]
[Black "Wittur, Helge"]
[Result "1-0"]
[WhiteElo "1823"]
[BlackElo "1921"]
[PlyCount "37"]
[EventDate "2016.06.04"]
[EventType "swiss"]
[EventRounds "7"]
[EventCountry "GER"]
[SourceTitle "CBM 189 Extra"]
[Source "ChessBase"]
[SourceDate "2019.06.03"]
[SourceVersion "1"]
[SourceVersionDate "2019.06.03"]
[SourceQuality "1"]

1. e4 e5 2. Nf3 Nf6 3. Nxe5 d6 4. Nf3 Nxe4 5. Qe2 Qe7 6. d3 Nf6 7. Bg5 Qxe2+ 8. Bxe2 Be7 9. 0-0 Nc6 10. d4 Bf5 11. c4 Ne4 12. Bxe7 Kxe7 13. d5 Ne5 14. Nd4 Bg6 15. f4 c5 16. dxc6 Nxc6 17. Nxc6+ bxc6 18. f5 Rab8 19. b3 1-0

[Event "Hannover-chC"]
[Site "Lehrte"]
[Date "2015.11.01"]
[Round "7"]
[White "Raulf, Christopher"]
[Black "Wittur, Helge"]
[Result "0-1"]
[WhiteElo "1899"]
[BlackElo "1903"]
[PlyCount "46"]
[EventDate "2015.10.29"]
[EventType "swiss"]
[EventRounds "7"]
[EventCountry "GER"]
[SourceTitle "EXT 2021"]
[Source "ChessBase"]
[SourceDate "2020.10.23"]
[SourceVersion "1"]
[SourceVersionDate "2020.10.23"]
[SourceQuality "1"]

1. e4 e5 2. Nf3 Nc6 3. Bc4 Be7 4. c3 Nf6 5. d3 0-0 6. 0-0 d5 7. exd5 Nxd5 8. Re1 Bf6 9. Nbd2 Nb6 10. Bb5 Qd5 11. Bxc6 bxc6 12. Ne4 Rd8 13. d4 c5 14. Nxc5 exd4 15. cxd4 Bg4 16. Be3 Rd6 17. Bf4 Rc6 18. Be5 Nc4 19. Nd3 Qd7 20. Qa4 Bxf3 21. gxf3 Bxe5 22. Nxe5 Nxe5 23. dxe5 Rg6+ 0-1

[Event "Hannover-chC"]
[Site "Lehrte"]
[Date "2015.10.31"]
[Round "5"]
[White "Schulz, Daniel"]
[Black "Wittur, Helge"]
[Result "1/2-1/2"]
[WhiteElo "1915"]
[BlackElo "1903"]
[PlyCount "120"]
[EventDate "2015.10.29"]
[EventType "swiss"]
[EventRounds "7"]
[EventCountry "GER"]
[SourceTitle "EXT 2021"]
[Source "ChessBase"]
[SourceDate "2020.10.23"]
[SourceVersion "1"]
[SourceVersionDate "2020.10.23"]
[SourceQuality "1"]

1. Nf3 Nf6 2. c4 d6 3. g3 c5 4. Bg2 Nc6 5. 0-0 e5 6. Nc3 Be7 7. a3 0-0 8. d3 Bd7 9. Rb1 Nd4 10. e3 Nxf3+ 11. Bxf3 Rb8 12. b4 cxb4 13. axb4 Qc7 14. b5 Rfd8 15. Qb3 Be6 16. Qa2 Ra8 17. Bd2 Qd7 18. Nd5 Nxd5 19. cxd5 Bh3 20. Rfc1 Rdc8 21. Rxc8+ Qxc8 22. Bg2 Bd7 23. e4 Qe8 24. Qb3 Rc8 25. Be3 b6 26. d4 Bf6 27. Qa4 exd4 28. Bf4 Be5 29. Qxa7 Bxb5 30. Bxe5 dxe5 31. Qxb6 Bd3 32. Re1 Rb8 33. Qc7 Rc8 34. Qb6 Rb8 35. Qc7 Rc8 36. Qa5 Qb5 37. Qd2 h6 38. Qa2 Bc4 39. Qd2 Ra8 40. Bf1 Bxf1 41. Rxf1 Qb3 42. Qd1 Qc3 43. Kg2 Ra2 44. Qf3 Ra3 45. Qxc3 Rxc3 46. f4 Re3 47. Rb1 Kf8 48. d6 Ke8 49. Rb7 Rxe4 50. Re7+ Kd8 51. Rxe5 Re3 52. Kf2 Ra3 53. Re7 Ra2+ 54. Ke1 Rxh2 55. Rxf7 g5 56. fxg5 hxg5 57. Rg7 Rh6 58. Kd2 Rxd6 59. Rxg5 Ke7 60. Kd3 Kf6 1/2-1/2

[Event "Hannover-chC"]
[Site "Lehrte"]
[Date "2015.10.31"]
[Round "6"]
[White "Wittur, Helge"]
[Black "Gehrke, Mathias"]
[Result "1/2-1/2"]
[WhiteElo "1903"]
[BlackElo "1784"]
[PlyCount "179"]
[EventDate "2015.10.29"]
[EventType "swiss"]
[EventRounds "7"]
[EventCountry "GER"]
[SourceTitle "EXT 2021"]
[Source "ChessBase"]
[SourceDate "2020.10.23"]
[SourceVersion "1"]
[SourceVersionDate "2020.10.23"]
[SourceQuality "1"]

1. e4 c5 2. c3 d5 3. exd5 Qxd5 4. Nf3 Nc6 5. Be2 e5 6. Qb3 Qxb3 7. axb3 Be6 8. Bc4 Bxc4 9. bxc4 Be7 10. d3 0-0-0 11. Ke2 a6 12. Ng5 Nh6 13. Be3 f5 14. Ne6 Rd6 15. Nxg7 f4 16. Bxc5 Rg6 17. Bxe7 Nxe7 18. Nh5 Rxg2 19. Nd2 Ng4 20. Ne4 Nxh2 21. Nhf6 Nf5 22. Rag1 f3+ 23. Ke1 h6 24. Kd2 Rf8 25. Nd5 Rfg8 26. Ra1 R8g7 27. Ne3 Ng3 28. Nxg2 Nxe4+ 29. dxe4 fxg2 30. Rxh2 g1Q 31. Rxg1 Rxg1 32. Rxh6 Kc7 33. Re6 Rg5 34. b4 Kd7 35. Rh6 Rg4 36. Ke3 Rg1 37. b5 a5 38. Rh7+ Kc8 39. c5 a4 40. Rh8+ Kc7 41. Ra8 Rb1 42. c6 Rb3 43. cxb7 Kxb7 44. Rxa4 Rxc3+ 45. Kd2 Rb3 46. Kc2 Rxb5 47. Kc3 Kc6 48. Ra6+ Kd7 49. Kc4 Rb2 50. Kd5 Rb5+ 51. Kc4 Rb2 52. f3 Ke7 53. Kd3 Kd7 54. Ke3 Ke7 55. Ra5 Kf6 56. Rd5 Ra2 57. Rd6+ Ke7 58. Rd2 Ra6 59. Kf2 Kf6 60. Kg3 Kg6 61. Kg4 Rf6 62. Rd5 Re6 63. f4 exf4 64. Kxf4 Ra6 65. Ke5 Kf7 66. Rd7+ Ke8 67. Rd6 Ra5+ 68. Ke6 Ra7 69. Rb6 Re7+ 70. Kf5 Rf7+ 71. Rf6 Rh7 72. e5 Ke7 73. Re6+ Kf7 74. Ra6 Rh5+ 75. Ke4 Ke7 76. Kd5 Rh1 77. Ra7+ Ke8 78. Kd6 Rd1+ 79. Ke6 Kd8 80. Ra8+ Kc7 81. Ke7 Rd7+ 82. Ke8 Rd5 83. e6 Rh5 84. Ra7+ Kd6 85. Ra6+ Kc7 86. Kf7 Rh7+ 87. Kg6 Rh1 88. e7 Kd7 89. Ra7+ Ke8 90. Kf6 1/2-1/2

[Event "Langenhagen-ch op"]
[Site "Langenhagen"]
[Date "2015.09.27"]
[Round "7"]
[White "Wittur, Helge"]
[Black "Zweigait, Bjoern"]
[Result "1-0"]
[WhiteElo "1891"]
[BlackElo "1586"]
[PlyCount "73"]
[EventDate "2015.05.23"]
[EventType "swiss"]
[EventRounds "7"]
[EventCountry "GER"]
[SourceTitle "EXT 2021"]
[Source "ChessBase"]
[SourceDate "2020.10.23"]
[SourceVersion "1"]
[SourceVersionDate "2020.10.23"]
[SourceQuality "1"]

1. e4 e6 2. d3 b6 3. Nf3 Bb7 4. Be2 h6 5. 0-0 Ne7 6. b3 Ng6 7. Qd2 Be7 8. Ba3 c5 9. Bb2 0-0 10. a4 Nc6 11. Na3 d5 12. Rfd1 a6 13. exd5 exd5 14. d4 Bf6 15. c3 Na5 16. Qc2 Nf4 17. Bf1 Qc7 18. Rac1 Rfe8 19. b4 Nc6 20. dxc5 bxc5 21. bxc5 Ne5 22. Nxe5 Qxe5 23. Rb1 Qg5 24. Bc1 Bc6 25. g3 Be5 26. Rb4 d4 27. cxd4 Qh5 28. Bxf4 Bxf4 29. d5 Bxd5 30. Rxf4 g6 31. Bc4 Bxc4 32. Nxc4 Re2 33. Rd2 Re1+ 34. Kg2 Rae8 35. Nd6 R8e7 36. Ne4 g5 37. Nf6+ 1-0

[Event "Langenhagen-ch op"]
[Site "Langenhagen"]
[Date "2015.07.18"]
[Round "4"]
[White "Herrmann, Andreas"]
[Black "Wittur, Helge"]
[Result "1-0"]
[WhiteElo "2160"]
[BlackElo "1891"]
[PlyCount "37"]
[EventDate "2015.05.23"]
[EventType "swiss"]
[EventRounds "7"]
[EventCountry "GER"]
[SourceTitle "EXT 2021"]
[Source "ChessBase"]
[SourceDate "2020.10.23"]
[SourceVersion "1"]
[SourceVersionDate "2020.10.23"]
[SourceQuality "1"]

1. d4 d5 2. Nf3 f5 3. c4 e6 4. Nc3 c6 5. Bf4 Nf6 6. e3 Be7 7. h3 Nbd7 8. Qc2 Ne4 9. g4 Qa5 10. gxf5 exf5 11. cxd5 cxd5 12. Be2 Ndf6 13. 0-0 Nxc3 14. bxc3 Ne4 15. c4 0-0 16. cxd5 Bd7 17. Ne5 Ba4 18. Qb2 b5 19. Nc6 1-0

[Event "Hannover Region-ch"]
[Site "Hannover"]
[Date "2015.02.28"]
[Round "5"]
[White "Wittur, Helge"]
[Black "Schiller, Wolfgang"]
[Result "1-0"]
[WhiteElo "1897"]
[BlackElo "1461"]
[PlyCount "93"]
[EventDate "2015.01.10"]
[EventType "swiss"]
[EventRounds "7"]
[EventCountry "GER"]
[SourceTitle "EXT 2021"]
[Source "ChessBase"]
[SourceDate "2020.10.23"]
[SourceVersion "1"]
[SourceVersionDate "2020.10.23"]
[SourceQuality "1"]

1. e4 e5 2. f4 exf4 3. Nf3 d6 4. Bc4 Be6 5. Bxe6 fxe6 6. d4 Nf6 7. Nc3 Be7 8. Bxf4 0-0 9. Bg5 Ne8 10. Bxe7 Qxe7 11. 0-0 Nd7 12. Ne2 e5 13. dxe5 dxe5 14. Qd5+ Kh8 15. Rad1 Nd6 16. Ng3 Rae8 17. Nf5 Nxf5 18. exf5 Qc5+ 19. Qxc5 Nxc5 20. Rd5 e4 21. Rxc5 exf3 22. Rxf3 c6 23. g4 Re4 24. h3 Rfe8 25. Kg2 Rd8 26. Rcc3 h6 27. Kg3 Re1 28. Rcd3 Rde8 29. Rd7 R1e7 30. Rxe7 Rxe7 31. Rd3 Kg8 32. Kf4 Kf7 33. h4 Rc7 34. g5 h5 35. Rd8 g6 36. fxg6+ Kxg6 37. Rd6+ Kg7 38. Ke5 Re7+ 39. Re6 Rd7 40. Re8 Kf7 41. Rh8 Rd5+ 42. Ke4 Rb5 43. b3 Rb4+ 44. c4 b5 45. Rb8 Ke6 46. Kd4 Kd6 47. Kc3 1-0

[Event "Hannover Region-ch"]
[Site "Hannover"]
[Date "2015.01.24"]
[Round "2"]
[White "Wittur, Helge"]
[Black "Floerchinger, Ludolf"]
[Result "1/2-1/2"]
[WhiteElo "1897"]
[BlackElo "1515"]
[PlyCount "119"]
[EventDate "2015.01.10"]
[EventType "swiss"]
[EventRounds "7"]
[EventCountry "GER"]
[SourceTitle "EXT 2021"]
[Source "ChessBase"]
[SourceDate "2020.10.23"]
[SourceVersion "1"]
[SourceVersionDate "2020.10.23"]
[SourceQuality "1"]

1. Nf3 d5 2. c4 c6 3. b3 Nf6 4. Bb2 Bf5 5. g3 e6 6. Bg2 Be7 7. 0-0 Nbd7 8. d3 0-0 9. Nbd2 Bg6 10. Rc1 Qb6 11. Qc2 a5 12. Nh4 Bh5 13. e4 dxe4 14. dxe4 Bc5 15. Bf3 Bg6 16. Nxg6 fxg6 17. Kg2 e5 18. Be2 Bd4 19. Bxd4 exd4 20. c5 Qb4 21. Nb1 a4 22. Qc4+ Qxc4 23. Bxc4+ Kh8 24. Be6 Ne5 25. f4 Neg4 26. Bxg4 Nxg4 27. Kh3 h5 28. b4 Rad8 29. Nd2 d3 30. a3 Ne3 31. Rf3 Nc2 32. Kh4 Kh7 33. g4 Nxa3 34. Ra1 Nb5 35. Rxa4 hxg4 36. Kxg4 Rd7 37. Kg5 Nd4 38. Rh3+ Kg8 39. Kxg6 Rf6+ 40. Kg5 Ne6+ 41. Kg4 Rxf4+ 42. Kg3 Rdf7 43. Ra8+ Nf8 44. Rd8 R4f6 45. Rh4 Rd7 46. Rxd7 Nxd7 47. Rf4 Kf7 48. h4 Kg6 49. Rg4+ Kh6 50. Rg5 g6 51. e5 Re6 52. Kf4 b6 53. cxb6 Nxb6 54. Ke4 Nd5 55. Kxd3 Nxb4+ 56. Kc4 Nd5 57. Ne4 Ne3+ 58. Kd3 Nf5 59. h5 Rxe5 60. Rxg6+ 1/2-1/2

[Event "Hannover-chC"]
[Site "Lehrte"]
[Date "2014.10.26"]
[Round "3"]
[White "Wittur, Helge"]
[Black "Celik, Abdullah1111"]
[Result "1/2-1/2"]
[WhiteElo "1888"]
[BlackElo "1931"]
[PlyCount "77"]
[EventDate "2014.10.25"]
[EventType "swiss"]
[EventRounds "7"]
[EventCountry "GER"]
[SourceTitle "EXT 2021"]
[Source "ChessBase"]
[SourceDate "2020.10.23"]
[SourceVersion "1"]
[SourceVersionDate "2020.10.23"]
[SourceQuality "1"]

1. d4 Nf6 2. c4 g6 3. Nc3 Bg7 4. e4 d6 5. f3 0-0 6. Be3 e5 7. d5 Nh5 8. Qd2 f5 9. 0-0-0 Nd7 10. Nge2 Ndf6 11. exf5 gxf5 12. Kb1 a6 13. Nc1 e4 14. g4 fxg4 15. fxe4 Qe8 16. Bd3 Nd7 17. Rdf1 Ne5 18. Be2 Nf6 19. Nb3 Qg6 20. Qc2 c5 21. dxc6 Nxc6 22. Nd4 Nb4 23. Qb3 Nxe4 24. Rxf8+ Bxf8 25. Ka1 Nxc3 26. Qxc3 Qe4 27. Rc1 Bg7 28. Qxb4 Qxe3 29. Rd1 Bxd4 30. Qxd6 Bxb2+ 31. Kxb2 Qxe2+ 32. Rd2 Qe6 33. Qd8+ Kg7 34. Rd6 Qe5+ 35. Kb3 Qe3+ 36. Rd3 Qe5 37. Rd5 Qe3+ 38. Rd3 Qe5 39. Rd5 1/2-1/2